BSOP header

The climax of prophecy : (Record no. 16228)

MARC details
000 -LEADER
fixed length control field 00672nam a2200181 4500
005 - DATE AND TIME OF LATEST TRANSACTION
control field 20250515201431.0
008 - FIXED-LENGTH DATA ELEMENTS--GENERAL INFORMATION
fixed length control field 030728s1993 stk b 001 0 eng d
020 ## - INTERNATIONAL STANDARD BOOK NUMBER
International Standard Book Number 0567096203 :USD64.95
090 ## - LOCALLY ASSIGNED LC-TYPE CALL NUMBER (OCLC); LOCAL CALL NUMBER (OCLC)
Classification number (OCLC) (R) ; Classification number, CALL (RLIN) (NR) BS2825.2
Local cutter number (OCLC) ; Book number/undivided call number, CALL (RLIN) B32c
100 1# - MAIN ENTRY--PERSONAL NAME
Personal name Bauckham, Richard.
245 10 - TITLE STATEMENT
Title The climax of prophecy :
Remainder of title studies on the book of Revelation /
Statement of responsibility, etc Richard Bauckham.
260 ## - PUBLICATION, DISTRIBUTION, ETC. (IMPRINT)
Place of publication, distribution, etc Edinburgh :
Name of publisher, distributor, etc T%T Clark,
Date of publication, distribution, etc 1993.
300 ## - PHYSICAL DESCRIPTION
Extent xviii, 550 p. ;
Dimensions 23 cm.
504 ## - BIBLIOGRAPHY, ETC. NOTE
Bibliography, etc Includes bibliographical references (p. 463-492) and indexes.
650 #4 - SUBJECT ADDED ENTRY--TOPICAL TERM
Topical term or geographic name as entry element Bible. N.T. Revelation
General subdivision Criticism, interpretation, etc.
951 ## - EQUIVALENCE OR CROSS-REFERENCE-GEOGRAPHIC NAME/AREA NAME [OBSOLETE] [CAN/MARC only]
General subdivision 00004151
951 ## - EQUIVALENCE OR CROSS-REFERENCE-GEOGRAPHIC NAME/AREA NAME [OBSOLETE] [CAN/MARC only]
-- 17597
-- BS2825.2/B32c
-- 070613111258703
-- 2000-12-21
-- GC
942 00 - ADDED ENTRY ELEMENTS (KOHA)
Koha issues (borrowed), all copies 1
Holdings
Withdrawn status Lost status Damaged status Not for loan Home library Current library Shelving location Date acquired Accession number Shelving control number Total Checkouts Full call number Barcode Date last seen Date last borrowed Price effective from Koha item type
        BSOP Library BSOP Library GC 12/21/2000 17597 127 1 BS2825.2/B32c 00004151 05/16/2025 05/15/2025 02/23/2013 Books
BSOP

Biblical Seminary of the Philippines
  All rights Reserved
  © 2024

CONTACT INFORMATION

Biblical Seminary of the Philippines,
  77-B Karuhatan Road, Valenzuela City,
  PHILIPPINES 1441
  Phone: +632 8292-6795 / 8292-6798
  Fax : +632 8292-6675
  Email: library@bsop.edu.ph